[Event "HUN-chT2 Szechenyi 1617"]
[Site "Hungary"]
[Date "2017.04.09"]
[Round "11.6"]
[White "Fogarasi, Sandor"]
[Black "Weber, Laszlo"]
[Result "1/2-1/2"]
[WhiteElo "1858"]
[BlackElo "1795"]
[PlyCount "48"]
[EventDate "2016.09.25"]
[EventType "team-tourn"]
[EventRounds "11"]
[EventCountry "HUN"]
[SourceTitle "EXT 2021"]
[Source "ChessBase"]
[SourceDate "2020.10.23"]
[SourceVersion "1"]
[SourceVersionDate "2020.10.23"]
[SourceQuality "1"]
[WhiteTeam "Ajka ASSE"]
[BlackTeam "Lovo"]
[WhiteTeamCountry "HUN"]
[BlackTeamCountry "HUN"]

1. e4 d5 2. exd5 Qxd5 3. Nf3 Bg4 4. Be2 Nf6 5. Nc3 Qa5 6. 0-0 e6 7. h3 Bxf3 8. Bxf3 c6 9. d4 Bd6 10. Be3 Nbd7 11. Qd2 0-0 12. a3 Qc7 13. b4 Nb6 14. Be2 Nbd5 15. Nxd5 cxd5 16. Bd3 Nh5 17. f4 f5 18. Rf3 Nf6 19. Qe2 Rac8 20. Raf1 Ne4 21. Kh1 Qc3 22. Bg1 Qd2 23. Qe1 Qxe1 24. Rxe1 a6 1/2-1/2

[Event "HUN-chT2 Szechenyi 1617"]
[Site "Hungary"]
[Date "2016.12.11"]
[Round "6.7"]
[White "Kiss, Laszlo3333"]
[Black "Weber, Laszlo"]
[Result "1-0"]
[WhiteElo "1739"]
[BlackElo "1795"]
[PlyCount "123"]
[EventDate "2016.09.25"]
[EventType "team-tourn"]
[EventRounds "11"]
[EventCountry "HUN"]
[SourceTitle "EXT 2021"]
[Source "ChessBase"]
[SourceDate "2020.10.23"]
[SourceVersion "1"]
[SourceVersionDate "2020.10.23"]
[SourceQuality "1"]
[WhiteTeam "Arboretum"]
[BlackTeam "Lovo"]
[WhiteTeamCountry "HUN"]
[BlackTeamCountry "HUN"]

1. e4 d6 2. Bc4 e5 3. d3 Nc6 4. a3 h6 5. Nc3 Nf6 6. h3 Qe7 7. Nge2 g6 8. Be3 a6 9. Qd2 Be6 10. Nd5 Bxd5 11. exd5 Nb8 12. 0-0 Nbd7 13. Nc3 Bg7 14. f4 0-0-0 15. Rae1 Rde8 16. Qf2 exf4 17. Bxf4 Qd8 18. Be3 Re7 19. Bd4 Rxe1 20. Rxe1 Re8 21. Kf1 Rxe1+ 22. Kxe1 Qe7+ 23. Qe2 Qxe2+ 24. Kxe2 b5 25. Ba2 Nh5 26. Bxg7 Nxg7 27. Nd1 Kb7 28. c4 Kb6 29. Ne3 Nc5 30. Kd2 f5 31. b4 Nd7 32. Bb3 Nf6 33. Kc3 f4 34. Ng4 Nxg4 35. hxg4 Ne8 36. Bd1 Nf6 37. Kd4 a5 38. Bf3 axb4 39. axb4 g5 40. Bd1 Nd7 41. Be2 Nf6 42. Bf3 Ka6 43. Be2 Nd7 44. Ke4 Kb6 45. Kf5 c5 46. dxc6 Kxc6 47. Kg6 d5 48. Kxh6 bxc4 49. dxc4 d4 50. Kxg5 Ne5 51. Bd1 Nd3 52. Kf5 Nxb4 53. g5 Kd7 54. Kxf4 Nd3+ 55. Kf5 Nf2 56. Ba4+ Ke7 57. c5 Nd3 58. c6 Kd6 59. g6 Nb4 60. g7 Nd5 61. Ke4 Ne7 62. g4 1-0

[Event "HUN-chT2 Szechenyi 1617"]
[Site "Hungary"]
[Date "2016.11.13"]
[Round "4.7"]
[White "Kiss, Zoltan4444"]
[Black "Weber, Laszlo"]
[Result "1/2-1/2"]
[WhiteElo "1841"]
[BlackElo "1795"]
[PlyCount "40"]
[EventDate "2016.09.25"]
[EventType "team-tourn"]
[EventRounds "11"]
[EventCountry "HUN"]
[SourceTitle "EXT 2021"]
[Source "ChessBase"]
[SourceDate "2020.10.23"]
[SourceVersion "1"]
[SourceVersionDate "2020.10.23"]
[SourceQuality "1"]
[WhiteTeam "Papa"]
[BlackTeam "Lovo"]
[WhiteTeamCountry "HUN"]
[BlackTeamCountry "HUN"]

1. e4 d5 2. exd5 Qxd5 3. Nc3 Qa5 4. d4 c6 5. Bd2 Qc7 6. Nf3 Bg4 7. Be2 Nf6 8. Ne5 Bxe2 9. Qxe2 e6 10. Bf4 Bd6 11. 0-0 0-0 12. Ne4 Nxe4 13. Qxe4 Nd7 14. g3 Nf6 15. Qe2 Nd5 16. Bd2 Nf6 17. Bg5 Be7 18. Bf4 Bd6 19. Bg5 Be7 20. Bf4 Bd6 1/2-1/2

[Event "HUN-chT2 Szechenyi 1617"]
[Site "Hungary"]
[Date "2016.10.09"]
[Round "2.7"]
[White "Csaba, Arpad Jr"]
[Black "Weber, Laszlo"]
[Result "0-1"]
[WhiteElo "2117"]
[BlackElo "1795"]
[PlyCount "91"]
[EventDate "2016.09.25"]
[EventType "team-tourn"]
[EventRounds "11"]
[EventCountry "HUN"]
[SourceTitle "EXT 2021"]
[Source "ChessBase"]
[SourceDate "2020.10.23"]
[SourceVersion "1"]
[SourceVersionDate "2020.10.23"]
[SourceQuality "1"]
[WhiteTeam "Ajka Banyasz"]
[BlackTeam "Lovo"]
[WhiteTeamCountry "HUN"]
[BlackTeamCountry "HUN"]

1. b3 e5 2. Bb2 d6 3. e3 Nc6 4. Bb5 Bd7 5. Nf3 a6 6. Be2 Nf6 7. d4 e4 8. Nfd2 d5 9. c4 Bb4 10. a3 Bxd2+ 11. Nxd2 Be6 12. f4 h5 13. Qc2 Ne7 14. 0-0-0 Bg4 15. Nf1 c6 16. Rg1 b5 17. h3 Bxe2 18. Qxe2 h4 19. g4 hxg3 20. Rxg3 Nf5 21. Rg5 g6 22. Ng3 Nh7 23. Rxf5 gxf5 24. Nxf5 Nf6 25. Bc3 Qd7 26. Ng7+ Kd8 27. f5 a5 28. Qe1 Qc7 29. h4 bxc4 30. bxc4 Rh7 31. Qg1 Ke7 32. Qg5 Rg8 33. Qf4 Qxf4 34. exf4 Rhxg7 35. Bxa5 Rg1 36. Be1 Rh1 37. c5 Rgg1 38. Kd2 Nh5 39. Rb1 Nxf4 40. a4 Nd3 41. Rb7+ Kd8 42. Rb6 Kc7 43. a5 Rxe1 44. a6 Rh2+ 45. Kc3 Rc1+ 46. Kb3 0-1

[Event "HUN-chT2 Szechenyi 1516"]
[Site "Hungary"]
[Date "2016.02.14"]
[Round "7.6"]
[White "Kutas, Lajos Jr"]
[Black "Weber, Laszlo"]
[Result "1-0"]
[WhiteElo "1783"]
[BlackElo "1829"]
[PlyCount "121"]
[EventDate "2015.09.13"]
[EventType "team-tourn"]
[EventRounds "11"]
[EventCountry "HUN"]
[SourceTitle "EXT 2017"]
[Source "ChessBase"]
[SourceDate "2016.10.25"]
[SourceVersion "1"]
[SourceVersionDate "2016.10.25"]
[SourceQuality "1"]
[WhiteTeam "Szechenyi ESE"]
[BlackTeam "Lovo"]
[WhiteTeamCountry "HUN"]
[BlackTeamCountry "HUN"]

1. e4 d6 2. d4 Nf6 3. Nc3 g6 4. Nf3 Bg4 5. h3 Bxf3 6. Qxf3 e5 7. Bg5 Be7 8. dxe5 dxe5 9. Rd1 Nbd7 10. Bh6 Bf8 11. Bxf8 Kxf8 12. Bc4 Qe7 13. 0-0 Kg7 14. Rd2 Nb6 15. Bb3 Rhd8 16. Rfd1 c6 17. Qe3 Rxd2 18. Rxd2 Rd8 19. g3 Rxd2 20. Qxd2 Qd7 21. Qxd7 Nbxd7 22. f3 Ne8 23. Bc4 Nd6 24. Bd3 Nc5 25. Kf2 Nxd3+ 26. cxd3 Kf6 27. Ke3 Ke6 28. b3 f5 29. f4 fxe4 30. dxe4 h5 31. Na4 b6 32. Nb2 c5 33. Nd3 Nf7 34. g4 hxg4 35. hxg4 exf4+ 36. Nxf4+ Kf6 37. Nd5+ Kg5 38. Ne7 Ne5 39. Nc8 Nc6 40. Nd6 Kxg4 41. Nf7 Kh4 42. e5 g5 43. e6 g4 44. Nh6 Kg5 45. Ng8 Kf5 46. e7 Nxe7 47. Nxe7+ Ke6 48. Nc8 Kd5 49. Nxa7 g3 50. Nc8 b5 51. Ne7+ Ke6 52. Ng6 Kd5 53. Nf4+ Ke5 54. a3 Kf5 55. Kf3 Ke5 56. Ne2 g2 57. Kxg2 Kd5 58. Nc3+ Kc6 59. Kf3 Kb6 60. b4 cxb4 61. axb4 1-0

[Event "HUN-chT2 Szechenyi 1516"]
[Site "Hungary"]
[Date "2015.12.06"]
[Round "6.6"]
[White "Weber, Laszlo"]
[Black "Toth, Laszlo"]
[Result "0-1"]
[WhiteElo "1852"]
[BlackElo "1716"]
[PlyCount "98"]
[EventDate "2015.09.13"]
[EventType "team-tourn"]
[EventRounds "11"]
[EventCountry "HUN"]
[SourceTitle "CBM 170 Extra"]
[Source "ChessBase"]
[SourceDate "2016.02.25"]
[SourceVersion "1"]
[SourceVersionDate "2016.02.25"]
[SourceQuality "1"]
[WhiteTeam "Lovo"]
[BlackTeam "Zala Volan"]
[WhiteTeamCountry "HUN"]
[BlackTeamCountry "HUN"]

1. e4 e5 2. Nc3 Nc6 3. Bc4 Nf6 4. a3 a6 5. d3 d6 6. Bg5 Be7 7. Nge2 0-0 8. 0-0 h6 9. Bxf6 Bxf6 10. Nd5 Be6 11. Nec3 Bg5 12. Ba2 Nd4 13. f4 exf4 14. Nxf4 Bxa2 15. Rxa2 Bxf4 16. Rxf4 Qg5 17. Rf2 f5 18. Qd2 f4 19. Ne2 Nxe2+ 20. Qxe2 f3 21. Qe1 Rf6 22. Kh1 Raf8 23. g3 h5 24. Qg1 Rh6 25. Ra1 Qg4 26. Raf1 Rff6 27. h4 Rhg6 28. Kh2 Rf4 29. Kh1 Qxg3 30. Qxg3 Rxg3 31. Kh2 Rfg4 32. Rc1 Rg2+ 33. Rxg2 Rxg2+ 34. Kh3 Kh7 35. b4 Kh6 36. c4 g5 37. hxg5+ Kxg5 38. c5 Kf4 39. cxd6 cxd6 40. e5 Kxe5 41. Rc4 Rg4 42. Rc2 Kd4 43. Rc7 Kxd3 44. Rd7 Rd4 45. Kg3 Ke3 46. Rxb7 Rg4+ 47. Kh3 f2 48. Rf7 Rf4 49. Rxf4 Kxf4 0-1

[Event "HUN-chT4 Chalupetzky 1516"]
[Site "Fertoszentmiklos"]
[Date "2015.10.11"]
[Round "1.1"]
[White "Farkas, Gyula"]
[Black "Weber, Laszlo"]
[Result "1-0"]
[WhiteElo "2177"]
[BlackElo "1871"]
[PlyCount "51"]
[EventDate "2015.10.11"]
[EventType "team-tourn"]
[EventRounds "7"]
[EventCountry "HUN"]
[SourceTitle "EXT 2017"]
[Source "ChessBase"]
[SourceDate "2016.10.25"]
[SourceVersion "1"]
[SourceVersionDate "2016.10.25"]
[SourceQuality "1"]
[WhiteTeam "Gyor Bastya"]
[BlackTeam "Lovo II"]
[WhiteTeamCountry "HUN"]
[BlackTeamCountry "HUN"]

1. e4 d6 2. d4 Nf6 3. Nc3 g6 4. Bg5 Bg7 5. Qd2 h6 6. Be3 Ng4 7. Bf4 e5 8. dxe5 Nxe5 9. h3 Be6 10. Be3 Bc4 11. Nge2 Ba6 12. b3 Nbc6 13. f4 Bxe2 14. Bxe2 Qh4+ 15. Bf2 Qf6 16. Nd5 Nf3+ 17. Bxf3 Qxa1+ 18. Ke2 Qxh1 19. Nxc7+ Kd7 20. Nb5 Bf8 21. e5 Rd8 22. Bg4+ Ke8 23. Nc7+ Ke7 24. exd6+ Rxd6 25. Qe3+ Kf6 26. Ne8# 1-0

[Event "HUN-chT2 Szechenyi 1415"]
[Site "Hungary"]
[Date "2015.03.22"]
[Round "10.10"]
[White "Szittar, Antal"]
[Black "Weber, Laszlo"]
[Result "1/2-1/2"]
[WhiteElo "1940"]
[BlackElo "1878"]
[PlyCount "31"]
[EventDate "2014.09.07"]
[EventType "team-tourn"]
[EventRounds "11"]
[EventCountry "HUN"]
[SourceTitle "EXT 2016"]
[Source "ChessBase"]
[SourceDate "2015.10.08"]
[SourceVersion "1"]
[SourceVersionDate "2015.10.08"]
[SourceQuality "1"]
[WhiteTeam "Keszthely"]
[BlackTeam "Lovo"]
[WhiteTeamCountry "HUN"]
[BlackTeamCountry "HUN"]

1. e4 d6 2. d4 g6 3. Nc3 Bg7 4. g3 c6 5. Bg2 Qc7 6. Nge2 e5 7. dxe5 dxe5 8. 0-0 Ne7 9. Be3 0-0 10. Qc1 Be6 11. Bh6 Nd7 12. Bxg7 Kxg7 13. Qe3 Qb6 14. Qxb6 Nxb6 15. b3 Rad8 16. Rad1 1/2-1/2

[Event "HUN-chT4b 1415"]
[Site "Hungary"]
[Date "2014.10.04"]
[Round "1.1"]
[White "Weber, Laszlo"]
[Black "Vasvari, Attila"]
[Result "1-0"]
[WhiteElo "1878"]
[BlackElo "1633"]
[PlyCount "47"]
[EventDate "2014.10.04"]
[EventType "team-tourn"]
[EventRounds "7"]
[EventCountry "HUN"]
[SourceTitle "EXT 2016"]
[Source "ChessBase"]
[SourceDate "2015.10.08"]
[SourceVersion "1"]
[SourceVersionDate "2015.10.08"]
[SourceQuality "1"]

1. e4 c5 2. Nc3 Nc6 3. d3 Nf6 4. Be3 e6 5. Bg5 Be7 6. Bxf6 Bxf6 7. Qd2 d5 8. exd5 exd5 9. Nge2 0-0 10. f3 Re8 11. 0-0-0 Bf5 12. g4 Bg6 13. f4 h6 14. Bg2 d4 15. Ne4 Bxe4 16. Bxe4 Nb4 17. Kb1 Nd5 18. Bxd5 Qxd5 19. Ng3 b5 20. h4 Qf3 21. Ne4 Rxe4 22. dxe4 Qxe4 23. g5 hxg5 24. hxg5 1-0

[Event "HUN-chT2 Szechenyi 1011"]
[Site "Hungary"]
[Date "2011.05.15"]
[Round "11.8"]
[White "Vucko, Jozsef"]
[Black "Weber, Laszlo"]
[Result "1-0"]
[WhiteElo "2022"]
[BlackElo "1856"]
[PlyCount "70"]
[EventDate "2010.09.12"]
[EventType "team-tourn"]
[EventRounds "11"]
[EventCountry "HUN"]
[SourceTitle "EXT 2012"]
[Source "ChessBase"]
[SourceDate "2011.11.24"]
[SourceVersion "1"]
[SourceVersionDate "2011.11.24"]
[SourceQuality "1"]
[WhiteTeam "Alsoszolnok"]
[BlackTeam "Lovo"]
[WhiteTeamCountry "HUN"]
[BlackTeamCountry "HUN"]

1. c4 e5 2. Nc3 d6 3. e3 g6 4. g3 Bg7 5. Bg2 Ne7 6. Nge2 c6 7. 0-0 0-0 8. b3 Bd7 9. Ba3 Bf5 10. d4 Qc7 11. Rc1 a6 12. dxe5 dxe5 13. Bd6 Qd7 14. e4 Be6 15. Na4 Rd8 16. Nb6 Qxd6 17. Qxd6 Rxd6 18. Nxa8 Rd2 19. Nc3 f5 20. Rfd1 Rxd1+ 21. Rxd1 Nd7 22. Nc7 Kf7 23. Rd6 Nf8 24. Nxe6 Nxe6 25. Rd7 Nc5 26. Rc7 Ke6 27. b4 Kd6 28. Rxe7 Kxe7 29. bxc5 Bf8 30. Kf1 Kd8 31. Na4 f4 32. Ke2 g5 33. Bh3 h5 34. Bf5 h4 35. gxh4 gxh4 1-0

[Event "HUN-chT2 Szechenyi 0910"]
[Site "Hungary"]
[Date "2010.04.11"]
[Round "9.7"]
[White "Arany, Tamas"]
[Black "Weber, Laszlo"]
[Result "1-0"]
[WhiteElo "1918"]
[BlackElo "1882"]
[PlyCount "119"]
[EventDate "2009.11.08"]
[EventType "team-tourn"]
[EventRounds "11"]
[EventCountry "HUN"]
[SourceTitle "EXT 2011"]
[Source "ChessBase"]
[SourceDate "2010.11.26"]
[SourceVersion "1"]
[SourceVersionDate "2010.11.26"]
[SourceQuality "1"]
[WhiteTeam "Arboretum"]
[BlackTeam "Lovo"]
[WhiteTeamCountry "HUN"]
[BlackTeamCountry "HUN"]

1. e4 d6 2. d4 g6 3. Be3 Bg7 4. Qd2 Nd7 5. c3 Ngf6 6. Be2 Nxe4 7. Qc2 d5 8. f3 Nd6 9. g4 e5 10. h4 h6 11. Nd2 Qe7 12. 0-0-0 e4 13. f4 Nb6 14. g5 h5 15. c4 Nbxc4 16. Bxc4 Nxc4 17. Nxc4 dxc4 18. Qxc4 0-0 19. Ne2 Bg4 20. Rd2 Bxe2 21. Qxe2 Qd7 22. Qg2 Qd5 23. Kb1 Rfe8 24. Rf1 Qf5 25. Rc1 Rad8 26. Rxc7 Bxd4 27. Rxd4 Rxd4 28. Bxd4 e3+ 29. Qc2 e2 30. Qxf5 e1Q+ 31. Rc1 Qxc1+ 32. Kxc1 gxf5 33. Kd2 Re4 34. Be3 Kf8 35. Kd3 a6 36. Kd2 Ke7 37. Kd3 Kd6 38. Bd2 Kd5 39. Be3 Ra4 40. a3 b5 41. Bc1 Rd4+ 42. Ke3 Rd1 43. Bd2 Kc5 44. Kd3 Ra1 45. Be3+ Kc6 46. Kd4 b4 47. axb4 Kb5 48. Ke5 Kxb4 49. Kxf5 Re1 50. Bd4 Re7 51. Kf6 Rd7 52. Bc3+ Kc4 53. g6 fxg6 54. Kxg6 Rd5 55. f5 a5 56. f6 Kb3 57. f7 Rd8 58. Bg7 Rc8 59. f8Q Rxf8 60. Bxf8 1-0

[Event "HUN-chT2 Szechenyi 0809"]
[Site "Hungary"]
[Date "2009.01.04"]
[Round "6.11"]
[White "Pal, Balint"]
[Black "Weber, Laszlo"]
[Result "1/2-1/2"]
[WhiteElo "1808"]
[BlackElo "100"]
[PlyCount "36"]
[EventDate "2008.10.26"]
[EventType "team-tourn"]
[EventRounds "11"]
[EventCountry "HUN"]
[SourceTitle "EXT 2010"]
[Source "ChessBase"]
[SourceDate "2010.11.25"]
[SourceVersion "1"]
[SourceVersionDate "2010.11.25"]
[SourceQuality "1"]
[WhiteTeam "Kervaros"]
[BlackTeam "Lovo"]
[WhiteTeamCountry "HUN"]
[BlackTeamCountry "HUN"]

1. e4 d6 2. d4 g6 3. Nf3 Bg4 4. h3 Bxf3 5. Qxf3 Nd7 6. Bc4 e6 7. 0-0 Bg7 8. c3 Ne7 9. Bg5 0-0 10. Qg4 h6 11. Bh4 Kh7 12. f4 f5 13. exf5 exf5 14. Qe2 Bf6 15. Bxf6 Rxf6 16. Re1 Ng8 17. Bxg8+ Kxg8 18. Qe7 Qxe7 1/2-1/2

[Event "HUN-chT2 Szechenyi 0809"]
[Site "Hungary"]
[Date "2008.12.21"]
[Round "4.9"]
[White "Tivolt, Ferenc"]
[Black "Weber, Laszlo"]
[Result "1-0"]
[WhiteElo "2037"]
[BlackElo "100"]
[PlyCount "69"]
[EventDate "2008.10.26"]
[EventType "team-tourn"]
[EventRounds "11"]
[EventCountry "HUN"]
[SourceTitle "EXT 2010"]
[Source "ChessBase"]
[SourceDate "2010.11.25"]
[SourceVersion "1"]
[SourceVersionDate "2010.11.25"]
[SourceQuality "1"]
[WhiteTeam "Zala Volan"]
[BlackTeam "Lovo"]
[WhiteTeamCountry "HUN"]
[BlackTeamCountry "HUN"]

1. e4 d6 2. d4 g6 3. f4 Bg7 4. Nf3 Bg4 5. Be2 Nd7 6. h3 Bxf3 7. Bxf3 e5 8. 0-0 exd4 9. c3 dxc3 10. Nxc3 Ne7 11. Be3 0-0 12. Qd2 Rb8 13. g4 b6 14. Rae1 f6 15. Nb5 a5 16. a3 Re8 17. Nd4 Nf8 18. h4 h6 19. Kh1 Qd7 20. Qg2 c5 21. Nc2 Rbc8 22. Bc1 Rc7 23. g5 f5 24. Ne3 h5 25. exf5 Nxf5 26. Nxf5 Rxe1 27. Rxe1 Qxf5 28. Be4 Qd7 29. f5 gxf5 30. Bd5+ Kh8 31. Qf3 Be5 32. g6 Nxg6 33. Bg5 b5 34. Rxe5 Nf4 35. Bxf4 1-0

[Event "HUN-chT2 Szechenyi 0809"]
[Site "Hungary"]
[Date "2008.11.02"]
[Round "2.10"]
[White "Ori, Tamas"]
[Black "Weber, Laszlo"]
[Result "1/2-1/2"]
[WhiteElo "1914"]
[BlackElo "100"]
[PlyCount "66"]
[EventDate "2008.10.26"]
[EventType "team-tourn"]
[EventRounds "11"]
[EventCountry "HUN"]
[SourceTitle "EXT 2010"]
[Source "ChessBase"]
[SourceDate "2010.11.25"]
[SourceVersion "1"]
[SourceVersionDate "2010.11.25"]
[SourceQuality "1"]
[WhiteTeam "Haladas"]
[BlackTeam "Lovo"]
[WhiteTeamCountry "HUN"]
[BlackTeamCountry "HUN"]

1. e4 d6 2. d4 g6 3. Nc3 Bg7 4. Be2 Nd7 5. Be3 e5 6. g4 Ne7 7. Qd2 a6 8. Bh6 Bxh6 9. Qxh6 Ng8 10. Qd2 f6 11. 0-0-0 Nb6 12. h3 Be6 13. f4 exf4 14. Qxf4 Qe7 15. Nf3 0-0-0 16. d5 Bd7 17. Nd2 Qg7 18. Qf2 Ne7 19. Qd4 Rhg8 20. Nc4 Nxc4 21. Bxc4 Kb8 22. Qd3 f5 23. Rhe1 fxe4 24. Rxe4 Nc8 25. a4 Rde8 26. Rde1 Rxe4 27. Rxe4 Re8 28. Bb3 Rxe4 29. Nxe4 h5 30. Qf3 Qd4 31. gxh5 gxh5 32. Nf6 Bxh3 33. Qxh3 Qxf6 1/2-1/2